000 00649cam a22002293a 4500
001 10102
003 PGUSA
005 20140828083219.0
008 031101s2003||||xxu|||||s|||||000 | eng d
040 _aPGUSA
_beng
042 _adc
050 4 _aPR
100 1 _aLe Queux, William,
_d1864-1927
245 1 4 _aThe Czar's Spy :
_bThe Mystery of a Silent Love
_h[electronic resource] /
_cWilliam Le Queux
260 _bProject Gutenberg,
_c2003
506 _aPublic domain in the USA.
516 _aElectronic text
653 _aSpy stories
830 0 _aProject Gutenberg
_v10102
856 4 0 _uhttp://www.gutenberg.org/ebooks/10102
942 _cEB
999 _c239357
_d239357